000 01284nem2a2200265 4500
001 RU\NLR\BIBL_A\012647715
005 20250624102059.0
035 _a(NLR Aleph) 012647715
090 _a12716374
_c12716374
100 _a20211122d2013 |||y0rusy50 ca
101 0 _arus
102 _aRU
120 _abyyy xx||
123 1 _aa
_b50000
200 1 _a18. Мичуринское. Озеро Красное
206 _a1:50 000
210 _aСанкт-Петербург
_d2013
215 _a1 к
327 1 _aДоп. карты: 1. Озеро Красное.- 1:25 000; 2. Озеро Мичуринское.- 1:25 000
461 0 _1001RU\NLR\BIBL_A\012642608
_12001#$aПо лесам и озерам Карельского.
_912700435
_cСанкт-Петербург
_d2004 - 2020
_e2-е изд
_fСост., подгот. к изд. и отпеч. ФГУП "Аэрогеодезия" Роскартографии
_nФГУП "Аэрогеодезия"
_oКарельский перешеек : Туристская карта
_p26 к
_tПо лесам и озерам Карельского: Карты
509 0 1 _7ca
_aКарельский перешеек
_92633418
_3RU\NLR\auth_crt\55236
852 _aNLR
_bК
_j4-Зап 2/1464
_m90609
942 _cMAP
980 _aNB